| 000 | 01522cam a2200397 i 4500 | ||
|---|---|---|---|
| 001 | 18495442 | ||
| 003 | OSt | ||
| 005 | 20180117085954.0 | ||
| 008 | 141110s2014 ii b 001 0 eng d | ||
| 010 | _a 2014362494 | ||
| 020 | _a9780670087969 | ||
| 020 | _a0670087963 | ||
| 025 | _aI-E-2014-362494 | ||
| 035 | _a(OCoLC)ocn895632593 | ||
| 035 | _a(OCoLC)895632593 | ||
| 037 | _bLibrary of Congress -- New Delhi Overseas Office | ||
| 040 |
_aDKAGE _beng _erda _cDKAGE _dOCLCO _dOCLCA _dDLC |
||
| 042 |
_alccopycat _alcode |
||
| 043 | _aa-ii--- | ||
| 050 | 0 | 0 |
_aDS407 _b.A334 2014 |
| 082 | 0 | 4 |
_a303.490954 _223 |
| 100 | 1 |
_aAbdul Kalam, A. P. J. _q(Avul Pakir Jainulabdeen), _d1931-2015, _eauthor. |
|
| 245 | 1 | 0 |
_aBeyond 2020 : _ba vision for tomorrow's India / _cA.P.J. Abdul Kalam and Y.S. Rajan. |
| 260 |
_aHaryana _bPenguin books _c2014 |
||
| 300 |
_axxi, 281 pages ; _c23 cm |
||
| 504 | _aIncludes bibliographical references and index. | ||
| 530 | _aAlso available as an e-book. | ||
| 650 | 0 |
_aTwenty-first century _vForecasts. |
|
| 651 | 0 |
_aIndia _xForecasting. |
|
| 700 | 1 |
_aRajan, Y. S., _eauthor. |
|
| 906 |
_a7 _bcbc _ccopycat _d3 _encip _f20 _gy-gencatlg |
||
| 942 |
_2ddc _cBK |
||
| 999 |
_c3001 _d3001 |
||